000 00488nam a2200193Ia 4500
003 OSt
005 20250809105612.0
008 250729s2005 xx 000 0 und d
020 _a978-8125937180
040 _cAL
041 _aeng
082 _a371.33 AGGP
100 _aAggarwal J C
_9221166
245 _aLand mark in the history of modern indian education
260 _aNew Delhi
_bVikas Publishing
_c2005
300 _a427p
650 _aEducation
_9221167
942 _2ddc
_cBED
999 _c234884
_d234884